Statistics for Famous Weapons by Name

Click here to take the quiz!

General Stats

  • This quiz has been taken 220 times
    (70 since last reset)
  • The average score is 7 of 22

Answer Stats

WielderDescriptionName% Correct
King Arthurthe sword in the stoneExcalibur
86%
Thormagic hammer of Norse mythologyMjölnir
80%
ThanosForged to wield the power of the Infinity StonesInfinity Gauntlet
64%
BatmanLike a boomerang, shaped like a batBatarang
63%
Bockscarused once against the city of NagasakiFat Man
61%
Enola Gayused once against the city of HiroshimaLittle Boy
59%
Frodoblue glowing daggerSting
56%
Doomguyit's a big _______ gunBFG
49%
Linksword from the Zelda seriesMaster Sword
44%
Thor (comics)/
Beta Ray Bill
Axe of the Thanos-killing kindStormbreaker
25%
Aragorncut the one ring from the hand of SauronAndúril/Narsil
24%
Percy Jacksonmade of Celestial BronzeAnaklusmos
19%
Odinspear of Norse mythologyGungnir
19%
Variouslegendary sword by Japan's greatest swordsmithMasamune
19%
Aliceused to slay the JabberwockyVorpal Sword
17%
Lion-Ogives you sight beyond sightSword of Omens
12%
ElricMournblade's twinStormbringer
12%
He-Manhold aloft for a fabulous makeoverThe Power Sword
8%
Li Mu Baislays crouching tigers and hidden dragonsThe Green Destiny
8%
Charlemagnethe king's personal swordJoyeuse
5%
Monkey Kingmagic staff of Chinese mythologyRuyi Jingu Bang
3%
Stephen ColbertrevolverSweetness
2%

Score Distribution

Percentile by Number Answered

Percent of People with Each Score

Your Score History

You have not taken this quiz since the last reset